[Event "Aragon-chT Preferente Gr II"]
[Site "Aragon"]
[Date "2018.02.10"]
[Round "3.57"]
[White "Aguirre Izaguirre, Pedro Jose"]
[Black "Climente Martinez, Jose Luis"]
[Result "0-1"]
[WhiteElo "2196"]
[BlackElo "2068"]
[PlyCount "80"]
[EventDate "2018.01.27"]
[EventType "team-tourn"]
[EventRounds "9"]
[EventCountry "ESP"]
[SourceTitle "EXT 2019"]
[Source "ChessBase"]
[SourceDate "2018.10.10"]
[SourceVersion "1"]
[SourceVersionDate "2018.10.10"]
[SourceQuality "1"]
[WhiteTeam "IberCaja II"]
[BlackTeam "Sabinanigo"]
[WhiteTeamCountry "ESP"]
[BlackTeamCountry "ESP"]

1. c4 Nf6 2. Nc3 e6 3. e4 d5 4. exd5 exd5 5. d4 Be7 6. Bd3 dxc4 7. Bxc4 0-0 8. Nge2 Nbd7 9. 0-0 Nb6 10. Bd3 Bg4 11. f3 Bh5 12. Be3 Bg6 13. Ne4 Nbd5 14. Bf2 c6 15. a3 a5 16. Qb3 Qc8 17. Rac1 Rd8 18. Rfe1 Qe6 19. N2g3 Nf4 20. Bc4 Qd7 21. Rcd1 h5 22. Nc5 Bxc5 23. dxc5 Qc7 24. Ne4 Nxe4 25. fxe4 Rxd1 26. Qxd1 Rd8 27. Qf3 Qe5 28. b4 axb4 29. axb4 Rd2 30. Bf1 Ne6 31. Qe3 Qb2 32. Re2 Rxe2 33. Qxe2 Qxb4 34. Qd1 Qxe4 35. Qb3 Qb1 36. Qe3 Be4 37. h3 Nxc5 38. Be1 Ne6 39. Kf2 Qc2+ 40. Be2 Qc5 0-1

[Event "Aragon-chT Honor 7_10"]
[Site "Aragon"]
[Date "2015.03.14"]
[Round "8.14"]
[White "Aguirre Izaguirre, Pedro Jose"]
[Black "Bailo Remacha, Santiago"]
[Result "1-0"]
[WhiteElo "2182"]
[BlackElo "2036"]
[PlyCount "71"]
[EventDate "2015.03.14"]
[EventType "team-tourn"]
[EventRounds "9"]
[EventCountry "ESP"]
[SourceTitle "EXT 2017"]
[Source "ChessBase"]
[SourceDate "2016.10.25"]
[SourceVersion "1"]
[SourceVersionDate "2016.10.25"]
[SourceQuality "1"]
[WhiteTeam "IberCaja"]
[BlackTeam "El Olivar II"]
[WhiteTeamCountry "ESP"]
[BlackTeamCountry "ESP"]

1. c4 c5 2. Nc3 Nc6 3. g3 g6 4. Bg2 Bg7 5. e4 Nf6 6. Nge2 0-0 7. 0-0 d6 8. h3 a6 9. d3 e5 10. f4 Nd4 11. Nxd4 cxd4 12. Ne2 h5 13. f5 Nh7 14. Kh2 h4 15. Qe1 g5 16. Rg1 Kh8 17. Bf3 Bd7 18. Rg2 Qe7 19. Ng1 Bf6 20. b3 Rg8 21. Ba3 Bc6 22. Rc1 Qf8 23. Bg4 Be7 24. Nf3 Qh6 25. Qd2 hxg3+ 26. Rxg3 Nf6 27. Nxe5 dxe5 28. Bxe7 Nxg4+ 29. Rxg4 f6 30. Qb4 Kg7 31. Rcg1 Rh8 32. R1g3 Qh5 33. Rxg5+ fxg5 34. Rxg5+ Qxg5 35. Bxg5 Rhe8 36. Qd6 1-0

[Event "Aragon-chT Honor GrB"]
[Site "Aragon"]
[Date "2015.01.24"]
[Round "1.22"]
[White "Aguirre Izaguirre, Pedro Jose"]
[Black "Cerrajeria Ruiz, Jesus Maria"]
[Result "1/2-1/2"]
[WhiteElo "2182"]
[BlackElo "2163"]
[PlyCount "128"]
[EventDate "2015.01.24"]
[EventType "team-tourn"]
[EventRounds "7"]
[EventCountry "ESP"]
[SourceTitle "EXT 2017"]
[Source "ChessBase"]
[SourceDate "2016.10.25"]
[SourceVersion "1"]
[SourceVersionDate "2016.10.25"]
[SourceQuality "1"]
[WhiteTeam "IberCaja"]
[BlackTeam "Helios"]
[WhiteTeamCountry "ESP"]
[BlackTeamCountry "ESP"]

1. c4 g6 2. Nc3 c5 3. g3 Bg7 4. Bg2 Nc6 5. d3 Nh6 6. e4 d6 7. Nge2 0-0 8. h4 e6 9. f3 f5 10. Bg5 Qb6 11. Qd2 Nf7 12. Be3 fxe4 13. Nxe4 Qxb2 14. Qxb2 Bxb2 15. Rb1 Bg7 16. h5 Nb4 17. hxg6 hxg6 18. Nf4 Nc2+ 19. Kd2 Nxe3 20. Kxe3 Bd4+ 21. Ke2 Kg7 22. Bh3 Re8 23. Bg4 b6 24. Rh3 d5 25. cxd5 exd5 26. Nxd5 Bxg4 27. Rh4 Bf5 28. Nc7 g5 29. Rhh1 Rad8 30. Nxe8+ Rxe8 31. g4 Bg6 32. Kd2 Rd8 33. Kc2 Be3 34. Rhe1 Bf4 35. Rbd1 Ne5 36. Nxg5 Rxd3 37. Ne6+ Kf6 38. Nxf4 Rxf3+ 39. Nxg6 Nxg6 40. Rf1 Rxf1 41. Rxf1+ Kg5 42. Rf7 Kxg4 43. Rxa7 Nf4 44. a4 Kf5 45. Kc3 Ke5 46. Kc4 Kd6 47. Rh7 Kc6 48. Rh2 Kb7 49. Rh7+ Ka6 50. Rh8 Ne2 51. Ra8+ Kb7 52. Rd8 Ka6 53. a5 Nd4 54. axb6 Kxb6 55. Rd6+ Kc7 56. Kxc5 Nb3+ 57. Kd5 Na5 58. Ra6 Nb7 59. Rc6+ Kd7 60. Rc1 Nd8 61. Ra1 Ke7 62. Ra6 Nf7 63. Re6+ Kd7 64. Re4 Nd8 1/2-1/2

[Event "Aragon-chT Preferente B"]
[Site "Aragon"]
[Date "2014.02.15"]
[Round "4.70"]
[White "Aguirre Izaguirre, Pedro Jose"]
[Black "Ferrer Echevarri, Francisco Javier"]
[Result "1-0"]
[WhiteElo "2206"]
[BlackElo "1933"]
[PlyCount "94"]
[EventDate "2014.01.25"]
[EventType "team-tourn"]
[EventRounds "9"]
[EventCountry "ESP"]
[SourceTitle "EXT 2015"]
[Source "ChessBase"]
[SourceDate "2014.11.20"]
[SourceVersion "1"]
[SourceVersionDate "2014.11.20"]
[SourceQuality "1"]
[WhiteTeam "IberCaja II"]
[BlackTeam "Aragon ONCE II"]
[WhiteTeamCountry "ESP"]
[BlackTeamCountry "ESP"]

1. c4 e5 2. Nc3 f5 3. g3 Nf6 4. Bg2 d6 5. d3 c6 6. e4 Be6 7. b3 Nbd7 8. Nge2 Be7 9. 0-0 0-0 10. h3 Nc5 11. f4 fxe4 12. dxe4 exf4 13. gxf4 Qc7 14. Be3 Rad8 15. Qc2 d5 16. e5 Nfe4 17. Nd4 Qc8 18. Nxe6 Qxe6 19. Ne2 Qg6 20. Nd4 Ne6 21. Nxe6 Qxe6 22. Kh2 Qg6 23. Bxe4 Qxe4 24. Qxe4 dxe4 25. Rad1 b6 26. Kg3 Rd3 27. Rxd3 exd3 28. Rd1 Rd8 29. Kf3 Bb4 30. Bd2 Bc5 31. Bc3 Kf7 32. Ke4 g6 33. f5 gxf5+ 34. Kxf5 d2 35. Rxd2 Rxd2 36. Bxd2 Be7 37. Bg5 Bf8 38. Bf6 b5 39. cxb5 cxb5 40. e6+ Ke8 41. Ke5 a5 42. Kd5 a4 43. Kc6 axb3 44. axb3 b4 45. Kb5 Bd6 46. Bh4 Kf8 47. Be1 Be7 1-0

[Event "BI-2012-F-00008"]
[Site "LSS email"]
[Date "2013.02.15"]
[Round "?"]
[White "Aguirre Izaguirre, Pedro Jose"]
[Black "Daenen, Serge"]
[Result "0-1"]
[WhiteElo "1919"]
[BlackElo "2065"]
[PlyCount "71"]
[EventDate "2013.02.20"]
[EventType "tourn (corr)"]
[EventRounds "10"]
[EventCountry "GER"]
[SourceTitle "Telechess CBM 167"]
[Source "ChessBase"]
[SourceDate "2015.07.13"]
[SourceVersion "1"]
[SourceVersionDate "2015.07.13"]
[SourceQuality "1"]

1. Nf3 f5 2. d4 Nf6 3. g3 g6 4. Bg2 Bg7 5. 0-0 0-0 6. c4 d6 7. Nc3 Qe8 8. b3 e5 9. dxe5 dxe5 10. e4 Nc6 11. Nd5 Qd7 12. Ba3 Rd8 13. Qc2 Nxe4 14. Rad1 Kh8 15. Nf6 Bxf6 16. Rxd7 Rxd7 17. Bb2 Kg7 18. h4 Nb4 19. Qe2 Nd3 20. Ba1 a5 21. Qe3 Rd6 22. c5 Ndxc5 23. Nxe5 b6 24. g4 Kg8 25. Nc4 Rd3 26. Qf4 Bxa1 27. Rxa1 b5 28. Ne3 Rd6 29. Bxe4 Nxe4 30. Rc1 Bd7 31. gxf5 gxf5 32. Rxc7 Rf8 33. Kf1 Rff6 34. f3 b4 35. Ra7 Nd2+ 36. Ke2 0-1

[Event "BI-2012-F-00008"]
[Site "LSS email"]
[Date "2013.02.15"]
[Round "?"]
[White "Degterev, Pavel"]
[Black "Aguirre Izaguirre, Pedro Jose"]
[Result "1-0"]
[WhiteElo "2216"]
[BlackElo "1919"]
[PlyCount "66"]
[EventDate "2013.02.20"]
[EventType "tourn (corr)"]
[EventRounds "10"]
[EventCountry "GER"]
[SourceTitle "Telechess CBM 167"]
[Source "ChessBase"]
[SourceDate "2015.07.13"]
[SourceVersion "1"]
[SourceVersionDate "2015.07.13"]
[SourceQuality "1"]

1. b4 b6 2. Bb2 Bb7 3. c4 e6 4. Nf3 Nf6 5. a3 Be7 6. Nc3 0-0 7. e3 c5 8. bxc5 bxc5 9. Rb1 d6 10. Ba1 Qc8 11. Bd3 Nbd7 12. 0-0 h6 13. Bc2 Rb8 14. Qe2 Qc6 15. e4 a6 16. Ne1 Ba8 17. Rxb8 Rxb8 18. f4 Qc7 19. Nd3 Nb6 20. e5 Nh7 21. Nf2 d5 22. cxd5 Nxd5 23. Nxd5 Bxd5 24. Nd1 c4 25. a4 Nf8 26. Kh1 Bb4 27. Ne3 Rd8 28. Nxd5 Rxd5 29. Bc3 Bxc3 30. dxc3 g6 31. h3 Rd8 32. Rd1 Rxd1+ 33. Bxd1 a5 1-0

[Event "CP-2011-Q-00014"]
[Site "LSS email"]
[Date "2013.01.14"]
[Round "?"]
[White "Aguirre Izaguirre, Pedro Jose"]
[Black "Sadowski, Marek"]
[Result "0-1"]
[WhiteElo "1917"]
[BlackElo "2259"]
[PlyCount "72"]
[EventDate "2013.01.20"]
[EventType "tourn (corr)"]
[EventRounds "8"]
[EventCountry "GER"]
[SourceTitle "Telechess CBM 163"]
[Source "ChessBase"]
[SourceDate "2014.11.11"]
[SourceVersion "2"]
[SourceVersionDate "2014.11.11"]
[SourceQuality "1"]

1. Nf3 Nf6 2. g3 c5 3. Bg2 Nc6 4. 0-0 e5 5. d3 d5 6. Nbd2 Be7 7. e4 dxe4 8. dxe4 Qc7 9. c3 0-0 10. Qe2 Rd8 11. Re1 h6 12. b3 Be6 13. Bb2 Rd7 14. Red1 Rad8 15. Ne1 Qd6 16. Nf1 Qxd1 17. Rxd1 Rxd1 18. Nc2 c4 19. Nce3 Rb1 20. b4 b5 21. Bf3 Rd3 22. Qc2 Re1 23. Be2 Rxe2 24. Qxe2 Nxe4 25. Qf3 f5 26. g4 Bd7 27. Qg2 Bh4 28. Ng3 Ng5 29. gxf5 Ne7 30. Qa8+ Kh7 31. Qf8 Nh3+ 32. Kf1 Nf4 33. a4 Bc6 34. axb5 Bf3 35. Qf7 Ned5 36. f6 Bxf6 0-1

[Event "CP-2011-Q-00014"]
[Site "LSS email"]
[Date "2013.01.14"]
[Round "?"]
[White "Cijs, Peter JG"]
[Black "Aguirre Izaguirre, Pedro Jose"]
[Result "0-1"]
[WhiteElo "1871"]
[BlackElo "1917"]
[PlyCount "34"]
[EventDate "2013.01.20"]
[EventType "tourn (corr)"]
[EventRounds "8"]
[EventCountry "GER"]
[SourceTitle "Corr 2015"]
[Source "ChessBase"]
[SourceDate "2015.07.17"]
[SourceVersion "1"]
[SourceVersionDate "2015.07.17"]
[SourceQuality "1"]

1. e4 e6 2. Nf3 d5 3. exd5 exd5 4. d4 Bd6 5. c4 Nf6 6. c5 Be7 7. Qa4+ Bd7 8. Qc2 0-0 9. Be3 b6 10. Be2 g6 11. 0-0 Bf5 12. Qc1 c6 13. h3 bxc5 14. dxc5 Bxb1 15. Rxb1 a5 16. Bd3 Re8 17. b3 Nbd7 0-1

[Event "BI-2012-P-00024"]
[Site "LSS email"]
[Date "2012.04.20"]
[Round "?"]
[White "Aguirre Izaguirre, Pedro Jose"]
[Black "Evtyugin, Yury Alekseevich"]
[Result "1-0"]
[WhiteElo "2029"]
[BlackElo "866"]
[PlyCount "37"]
[EventDate "2012.04.22"]
[EventType "tourn (corr)"]
[EventRounds "10"]
[EventCountry "GER"]
[SourceTitle "Corr 2015"]
[Source "ChessBase"]
[SourceDate "2015.07.17"]
[SourceVersion "1"]
[SourceVersionDate "2015.07.17"]
[SourceQuality "1"]

1. Nf3 d5 2. g3 g6 3. Bg2 Bg7 4. 0-0 Nf6 5. c4 0-0 6. cxd5 Nxd5 7. d4 Nc6 8. Nc3 e6 9. e4 Nb6 10. Bg5 Bf6 11. Bxf6 Qxf6 12. e5 Qd8 13. Qd2 a6 14. Qh6 f5 15. d5 exd5 16. Ng5 Qe7 17. Nxd5 Nxd5 18. Bxd5+ Kh8 19. Nxh7 1-0

[Event "BI-2012-P-00024"]
[Site "LSS email"]
[Date "2012.04.20"]
[Round "?"]
[White "Pahlen, Hans"]
[Black "Aguirre Izaguirre, Pedro Jose"]
[Result "1/2-1/2"]
[WhiteElo "2197"]
[BlackElo "2029"]
[PlyCount "91"]
[EventDate "2012.04.22"]
[EventType "tourn (corr)"]
[EventRounds "10"]
[EventCountry "GER"]
[SourceTitle "Telechess CBM 159"]
[Source "ChessBase"]
[SourceDate "2014.03.17"]
[SourceVersion "1"]
[SourceVersionDate "2014.03.17"]
[SourceQuality "1"]

1. e4 e6 2. d4 d5 3. Nd2 Nf6 4. e5 Nfd7 5. c3 c5 6. Bd3 Nc6 7. Ngf3 Qb6 8. 0-0 cxd4 9. cxd4 Nxd4 10. Nxd4 Qxd4 11. Nf3 Qb6 12. Qa4 Qb4 13. Qc2 Qc5 14. Qe2 Qb6 15. Be3 Bc5 16. Bd2 h6 17. b4 Be7 18. Rab1 0-0 19. a4 a6 20. Rfc1 Qd8 21. a5 f6 22. exf6 Nxf6 23. Bf4 Bd7 24. g3 g5 25. Bc7 Qe8 26. b5 Qh5 27. bxa6 bxa6 28. Rb7 Rac8 29. Ne5 Qxe2 30. Bxe2 Bd6 31. Nxd7 Nxd7 32. Bxa6 Ba3 33. Bb5 Nc5 34. Rxc5 Bxc5 35. Bd7 Rxc7 36. Rxc7 Bxf2+ 37. Kg2 Be3 38. Bxe6+ Kh8 39. Rc2 Kg7 40. Re2 Bd4 41. Rd2 Be3 42. Rxd5 Rf2+ 43. Kh3 h5 44. Re5 Bc1 45. a6 g4+ 46. Bxg4 1/2-1/2

[Event "BI-2011-F-00010"]
[Site "LSS email"]
[Date "2012.02.12"]
[Round "?"]
[White "Aguirre Izaguirre, Pedro Jose"]
[Black "Sorcinelli, Andrea"]
[Result "1/2-1/2"]
[WhiteElo "2020"]
[BlackElo "1753"]
[PlyCount "83"]
[EventDate "2012.02.15"]
[EventType "tourn (corr)"]
[EventRounds "10"]
[EventCountry "GER"]
[SourceTitle "Telechess CBM 165"]
[Source "ChessBase"]
[SourceDate "2015.03.11"]
[SourceVersion "1"]
[SourceVersionDate "2015.03.11"]
[SourceQuality "1"]

1. d4 d5 2. c4 c6 3. Nf3 Nf6 4. Nc3 e6 5. Bg5 h6 6. Bh4 dxc4 7. e4 g5 8. Bg3 b5 9. Be2 Bb7 10. e5 Nd5 11. 0-0 Nd7 12. Nxd5 cxd5 13. Ne1 Bg7 14. f4 0-0 15. fxg5 hxg5 16. Nf3 f5 17. Qd2 g4 18. Ng5 Qb6 19. Kh1 b4 20. Bxg4 c3 21. bxc3 bxc3 22. Qc2 Qxd4 23. Be2 Rae8 24. Rab1 Bc6 25. Nf3 Qc5 26. Bf2 Qa5 27. Bd4 Ba4 28. Qxc3 Qxc3 29. Bxc3 Rb8 30. Bd4 Bc2 31. Rb5 Be4 32. a4 a6 33. Rxb8 Rxb8 34. Bxa6 Bxf3 35. gxf3 Bxe5 36. Bxe5 Nxe5 37. Re1 Nxf3 38. Rxe6 Rb4 39. Kg2 Nh4+ 40. Kh3 Rxa4 41. Rb6 Kg7 42. Bd3 1/2-1/2

[Event "BI-2011-F-00010"]
[Site "LSS email"]
[Date "2012.02.12"]
[Round "?"]
[White "Peraza Balleste, Orlando"]
[Black "Aguirre Izaguirre, Pedro Jose"]
[Result "0-1"]
[WhiteElo "1872"]
[BlackElo "2020"]
[PlyCount "58"]
[EventDate "2012.02.15"]
[EventType "tourn (corr)"]
[EventRounds "10"]
[EventCountry "GER"]
[SourceTitle "Telechess CBM 165"]
[Source "ChessBase"]
[SourceDate "2015.03.11"]
[SourceVersion "1"]
[SourceVersionDate "2015.03.11"]
[SourceQuality "1"]

1. d4 f5 2. g3 g6 3. Bg2 d6 4. Nf3 Nf6 5. c4 Bg7 6. Nc3 0-0 7. 0-0 Qe8 8. Be3 c6 9. Qb3 Ng4 10. Bd2 e5 11. c5+ d5 12. h3 e4 13. hxg4 exf3 14. exf3 Qf7 15. gxf5 Bxf5 16. Ne2 a5 17. Qc3 Na6 18. Be3 Nc7 19. a4 Bf6 20. Rfe1 g5 21. g4 Bg6 22. f4 gxf4 23. Nxf4 Na6 24. Nh3 Qd7 25. f3 Nb4 26. Nf4 Qf7 27. Nxg6 Qxg6 28. Rad1 Nc2 29. Re2 Nxe3 0-1

[Event "CP-2011-P-00039"]
[Site "LSS email"]
[Date "2011.09.30"]
[Round "?"]
[White "Aguirre Izaguirre, Pedro Jose"]
[Black "Saganauer, Richard"]
[Result "1/2-1/2"]
[WhiteElo "2032"]
[BlackElo "1578"]
[PlyCount "63"]
[EventDate "2011.10.01"]
[EventType "tourn (corr)"]
[EventRounds "6"]
[EventCountry "GER"]
[SourceTitle "Telechess CBM 165"]
[Source "ChessBase"]
[SourceDate "2015.03.11"]
[SourceVersion "1"]
[SourceVersionDate "2015.03.11"]
[SourceQuality "1"]

1. e4 c5 2. c3 d5 3. exd5 Qxd5 4. d4 Nc6 5. Nf3 Nf6 6. Be3 cxd4 7. cxd4 Bg4 8. Be2 e6 9. Nc3 Bb4 10. 0-0 Qd6 11. h3 Bh5 12. Qb3 0-0 13. Rfd1 Rfd8 14. Rac1 Rac8 15. a3 Bxc3 16. bxc3 Na5 17. Qb4 Bxf3 18. Bxf3 Qa6 19. c4 Rxc4 20. Rxc4 Nxc4 21. Bxb7 Qb6 22. Bf3 Qxb4 23. axb4 Nd5 24. Bxd5 exd5 25. Ra1 Rd7 26. Ra6 Rb7 27. Kf1 Kf8 28. Ke2 Ke7 29. Kd3 h6 30. Bd2 Nxd2 31. Kxd2 Rxb4 32. Rxa7+ 1/2-1/2

[Event "BI-2011-P-00021"]
[Site "LSS email"]
[Date "2011.04.17"]
[Round "?"]
[White "Aguirre Izaguirre, Pedro Jose"]
[Black "Recio Chicharro, Luis"]
[Result "1-0"]
[WhiteElo "1997"]
[BlackElo "1294"]
[PlyCount "69"]
[EventDate "2011.04.20"]
[EventType "tourn (corr)"]
[EventRounds "10"]
[EventCountry "GER"]
[SourceTitle "Telechess CBM 157"]
[Source "ChessBase"]
[SourceDate "2013.11.12"]
[SourceVersion "1"]
[SourceVersionDate "2013.11.12"]
[SourceQuality "1"]

1. Nf3 d5 2. g3 Nf6 3. Bg2 Nbd7 4. 0-0 e6 5. d3 Bd6 6. Nbd2 0-0 7. e4 c5 8. Re1 Qc7 9. Qe2 Be7 10. exd5 Nxd5 11. Nb3 b6 12. c4 Nb4 13. Bf4 Bd6 14. Bxd6 Qxd6 15. Ng5 Rb8 16. a3 h6 17. Ne4 Qxd3 18. axb4 Qxb3 19. b5 Ne5 20. Nd2 Qxb2 21. Qxe5 Qxe5 22. Rxe5 Bb7 23. Rxa7 Bxg2 24. Kxg2 Rfd8 25. Nf3 Rd3 26. Re2 Rc3 27. Ne5 f6 28. Nd7 Re8 29. Nxb6 e5 30. Rd2 Rb8 31. Rd6 e4 32. Nd5 Rxc4 33. Rdd7 Rc2 34. Rxg7+ Kf8 35. Raf7+ 1-0

[Event "BI-2011-P-00021"]
[Site "LSS email"]
[Date "2011.04.17"]
[Round "?"]
[White "Amartsev, Petr"]
[Black "Aguirre Izaguirre, Pedro Jose"]
[Result "0-1"]
[WhiteElo "1771"]
[BlackElo "1997"]
[PlyCount "84"]
[EventDate "2011.04.20"]
[EventType "tourn (corr)"]
[EventRounds "10"]
[EventCountry "GER"]
[SourceTitle "Telechess CBM 155"]
[Source "ChessBase"]
[SourceDate "2013.07.16"]
[SourceVersion "1"]
[SourceVersionDate "2013.07.16"]
[SourceQuality "1"]

1. e4 e6 2. d4 d5 3. Nc3 Nf6 4. Bg5 Be7 5. e5 Nfd7 6. h4 0-0 7. Qg4 f5 8. Qf4 c5 9. Nf3 Nc6 10. Ne2 cxd4 11. Nexd4 Nc5 12. c3 Bd7 13. Be2 h6 14. Bxe7 Qxe7 15. Nb3 Ne4 16. a4 Qd8 17. a5 a6 18. Ra2 b6 19. Nfd4 Nxd4 20. Nxd4 bxa5 21. 0-0 Qc7 22. Rd1 a4 23. f3 Nc5 24. c4 dxc4 25. Bxc4 Rab8 26. Qe3 Kh8 27. Ne2 Rb4 28. Rc1 Qb6 29. Rc2 Rd8 30. Qf2 Rb8 31. Nc1 Kh7 32. g3 Bb5 33. Bxb5 Rxb5 34. Ra3 Rd8 35. Rac3 Rd5 36. Kf1 Rxe5 37. Ne2 Rd5 38. Nf4 Rd1+ 39. Kg2 e5 40. Rxc5 exf4 41. Rc6 Qxf2+ 42. Rxf2 fxg3 0-1

[Event "Aragon-chT Honor Titulo"]
[Site "Spain"]
[Date "2011.04.10"]
[Round "11.4"]
[White "Moreno Gracia, Daniel"]
[Black "Aguirre Izaguirre, Pedro Jose"]
[Result "1/2-1/2"]
[WhiteElo "2277"]
[BlackElo "2227"]
[PlyCount "87"]
[EventDate "2011.03.26"]
[EventType "team-tourn"]
[EventRounds "11"]
[EventCountry "ESP"]
[SourceTitle "EXT 2013"]
[Source "ChessBase"]
[SourceDate "2012.11.22"]
[SourceVersion "1"]
[SourceVersionDate "2012.11.22"]
[SourceQuality "1"]
[WhiteTeam "St Casablanca"]
[BlackTeam "IberCaja"]
[WhiteTeamCountry "ESP"]
[BlackTeamCountry "ESP"]

1. c4 f5 2. g3 g6 3. Bg2 Bg7 4. Nc3 Nf6 5. Nf3 d6 6. 0-0 0-0 7. d3 h6 8. b4 e5 9. c5 a5 10. cxd6 cxd6 11. Qb3+ Kh7 12. b5 Qe7 13. Bb2 Be6 14. Qa3 Nbd7 15. Na4 Nd5 16. Nd2 Nb4 17. Rac1 Rac8 18. Nc4 d5 19. Nxa5 Ra8 20. Bc3 Nc6 21. Qxe7 Nxe7 22. Bb4 Rfe8 23. Nc3 d4 24. Nb1 Nd5 25. Bxd5 Bxd5 26. Rc7 Nf6 27. a3 e4 28. Nd2 Kg8 29. Ndc4 exd3 30. exd3 Bf3 31. Nb6 Rab8 32. Bc5 Re6 33. Bxd4 Ne8 34. Rxg7+ Nxg7 35. Be3 Rd8 36. Nbc4 Rxd3 37. Bxh6 b6 38. Nc6 Bxc6 39. bxc6 Rc3 40. Nxb6 Rcxc6 41. Nd5 Rcd6 42. Ne3 Ne8 43. Rc1 Ra6 44. Nc4 1/2-1/2

[Event "CP-2010-P-00041"]
[Site "LSS email"]
[Date "2010.09.28"]
[Round "?"]
[White "Ziljbershtejn, Dmitrij"]
[Black "Aguirre Izaguirre, Pedro Jose"]
[Result "1/2-1/2"]
[WhiteElo "1779"]
[BlackElo "1992"]
[PlyCount "97"]
[EventDate "2010.10.01"]
[EventType "tourn (corr)"]
[EventRounds "6"]
[EventCountry "GER"]
[SourceTitle "Telechess CBM 151"]
[Source "ChessBase"]
[SourceDate "2012.11.13"]
[SourceVersion "1"]
[SourceVersionDate "2012.11.13"]
[SourceQuality "1"]

1. d4 f5 2. g3 g6 3. Bg2 d6 4. c4 Bg7 5. d5 Nf6 6. Nc3 0-0 7. Nh3 Nbd7 8. 0-0 Ne5 9. b3 c5 10. Qc2 a6 11. a4 b6 12. Bd2 Rb8 13. Rae1 Ne8 14. f4 Nf7 15. e4 Nc7 16. Qd3 Bd7 17. Nf2 b5 18. axb5 axb5 19. Ncd1 fxe4 20. Bxe4 Ra8 21. Bc3 Ne8 22. Bxg7 Nxg7 23. cxb5 Qa5 24. Nc3 Rfb8 25. Re3 Bxb5 26. Nxb5 Qxb5 27. Qd1 Nh6 28. g4 Qb4 29. Qf3 Qd4 30. Rd1 Qb2 31. Nd3 Qa2 32. Nc1 Qb2 33. Re2 Qa1 34. Kg2 Rf8 35. Bd3 Nf7 36. Qe4 Ra7 37. Bc4 Qf6 38. h3 Qh4 39. Qe3 g5 40. Rf1 h5 41. Qf2 Qxf2+ 42. Rexf2 Raa8 43. Nd3 gxf4 44. Re1 Nh6 45. Kf3 Ra7 46. Rfe2 Nf7 47. gxh5 Nf5 48. Kxf4 Nd4 49. Rf2 1/2-1/2

[Event "LSS BI-2010-P-00029"]
[Site "LSS email"]
[Date "2010.04.19"]
[Round "?"]
[White "Aguirre Izaguirre, Pedro Jose"]
[Black "Kis Kos, Laszlo"]
[Result "1-0"]
[WhiteElo "1972"]
[BlackElo "1583"]
[PlyCount "57"]
[EventDate "2010.04.22"]
[EventType "tourn (corr)"]
[EventRounds "10"]
[EventCountry "GER"]
[SourceTitle "Telechess CBM 141"]
[Source "ChessBase"]
[SourceDate "2011.03.17"]
[SourceVersion "1"]
[SourceVersionDate "2011.03.17"]
[SourceQuality "1"]

1. e4 e5 2. Nf3 Nc6 3. Bb5 a6 4. Ba4 Nf6 5. d3 b5 6. Bb3 Bc5 7. Nc3 d6 8. Nd5 h6 9. c3 Rb8 10. 0-0 0-0 11. Re1 a5 12. d4 Ba7 13. Be3 Ng4 14. h3 Nxe3 15. Nxe3 Re8 16. a3 a4 17. Ba2 Qf6 18. Nd5 Qd8 19. Qd2 Be6 20. Red1 Qc8 21. dxe5 Nxe5 22. Nxe5 dxe5 23. Qc2 Bc5 24. Rd2 Qd8 25. Kh2 Bxd5 26. Rxd5 Qe7 27. Rd3 c6 28. Rad1 Red8 29. Rf3 1-0

[Event "LSS BI-2010-P-00029"]
[Site "LSS email"]
[Date "2010.04.19"]
[Round "?"]
[White "Aguirre Izaguirre, Pedro Jose"]
[Black "Szoller, Terez"]
[Result "1-0"]
[WhiteElo "1970"]
[BlackElo "1773"]
[PlyCount "51"]
[EventDate "2010.04.22"]
[EventType "tourn (corr)"]
[EventRounds "10"]
[EventCountry "GER"]
[SourceTitle "Telechess CBM 145"]
[Source "Chessbase"]
[SourceDate "2011.11.11"]
[SourceVersion "1"]
[SourceVersionDate "2011.11.11"]
[SourceQuality "1"]

1. c4 Nf6 2. Nc3 g6 3. g3 Bg7 4. Bg2 0-0 5. d3 d6 6. Bg5 h6 7. Bd2 e5 8. e4 Nc6 9. Nge2 Be6 10. Nd5 a5 11. 0-0 Nd7 12. Qc1 Nc5 13. Bxh6 Nxd3 14. Qd2 Bxh6 15. Qxh6 Nxb2 16. f4 Bxd5 17. cxd5 Nb4 18. a3 Na6 19. fxe5 Nd3 20. e6 Qe7 21. Bh3 Nac5 22. Nf4 Ne5 23. Kg2 a4 24. Rac1 Rae8 25. Rxc5 dxc5 26. d6 1-0

[Event "LSS BI-2010-P-00029"]
[Site "LSS email"]
[Date "2010.04.19"]
[Round "?"]
[White "Yehuda, Ben"]
[Black "Aguirre Izaguirre, Pedro Jose"]
[Result "1/2-1/2"]
[WhiteElo "1526"]
[BlackElo "1962"]
[PlyCount "77"]
[EventDate "2010.04.22"]
[EventType "tourn (corr)"]
[EventRounds "10"]
[EventCountry "GER"]
[SourceTitle "Telechess CBM 141"]
[Source "ChessBase"]
[SourceDate "2011.03.17"]
[SourceVersion "1"]
[SourceVersionDate "2011.03.17"]
[SourceQuality "1"]

1. d4 f5 2. Nf3 d6 3. c4 g6 4. Nc3 Nf6 5. g3 Bg7 6. Bg2 0-0 7. 0-0 Qe8 8. Qb3 Na6 9. Be3 Kh8 10. Nd5 Nh5 11. Bg5 e5 12. dxe5 dxe5 13. Rad1 c6 14. Ne7 e4 15. Nxc8 Rxc8 16. Nd2 Nc5 17. Qa3 Ne6 18. Be3 Ra8 19. Kh1 f4 20. gxf4 Nhxf4 21. Nxe4 Nxg2 22. Nd6 Qe7 23. Kxg2 b6 24. f3 Qh4 25. Ne4 Be5 26. h3 Rf7 27. Rh1 Raf8 28. Qa4 Qh5 29. Rhf1 Qh4 30. Qxc6 Nf4+ 31. Bxf4 Qxf4 32. Kf2 Qh2+ 33. Ke1 Bxb2 34. Rd7 Qxh3 35. Rxf7 Qh4+ 36. Kd1 Rxf7 37. Kc2 Bg7 38. Rd1 Qe7 39. Rd6 1/2-1/2

[Event "LSS BI-2010-P-00029"]
[Site "LSS email"]
[Date "2010.04.19"]
[Round "?"]
[White "Zielinski, Sergej"]
[Black "Aguirre Izaguirre, Pedro Jose"]
[Result "1/2-1/2"]
[WhiteElo "2095"]
[BlackElo "1975"]
[PlyCount "94"]
[EventDate "2010.04.22"]
[EventType "tourn (corr)"]
[EventRounds "10"]
[EventCountry "GER"]
[SourceTitle "Telechess CBM 141"]
[Source "ChessBase"]
[SourceDate "2011.03.17"]
[SourceVersion "1"]
[SourceVersionDate "2011.03.17"]
[SourceQuality "1"]

1. e4 e6 2. d4 d5 3. Nc3 Nf6 4. Bg5 Be7 5. e5 Nfd7 6. Bxe7 Qxe7 7. f4 a6 8. Nf3 c5 9. Qd2 Nc6 10. dxc5 Qxc5 11. Bd3 b5 12. 0-0-0 Nb6 13. Kb1 Bd7 14. g4 0-0-0 15. Ne2 Kb7 16. c3 Rc8 17. Ned4 Nxd4 18. Nxd4 h5 19. g5 g6 20. Qe2 Nc4 21. Rc1 Qb6 22. Rhd1 a5 23. a3 b4 24. cxb4 Ba4 25. Bc2 Bxc2+ 26. Nxc2 axb4 27. Nxb4 Rc5 28. Rc2 Rhc8 29. Rd3 R5c7 30. Rcc3 Rc5 31. Ka2 Rb5 32. h4 Rcc5 33. Qg2 Kb8 34. Qc2 Kc8 35. Qb3 Rc7 36. Rd1 Qc5 37. Qc2 Rxb4 38. axb4 Qxb4 39. Qb3 Qc5 40. Kb1 Rb7 41. Qc2 Qb4 42. Rd2 Kb8 43. Rxc4 dxc4 44. Rd8+ Kc7 45. Rd4 Qe1+ 46. Rd1 Qb4 47. Rd4 Qe1+ 1/2-1/2